Welcome to CU Library Online Public Access Catalogue (OPAC)

Modern Engineering Physics/ (Record no. 1591)

MARC details
000 -LEADER
fixed length control field 00485nam a22001457a 4500
005 - DATE AND TIME OF LATEST TRANSACTION
control field 20241127110654.0
008 - FIXED-LENGTH DATA ELEMENTS--GENERAL INFORMATION
fixed length control field 241127b |||||||| |||| 00| 0 eng d
020 ## - INTERNATIONAL STANDARD BOOK NUMBER
International Standard Book Number 9788121917575
050 ## - LIBRARY OF CONGRESS CALL NUMBER
Classification number QC28 VAS
100 ## - MAIN ENTRY--PERSONAL NAME
Personal name Vasudeva, A. S.
245 ## - TITLE STATEMENT
Title Modern Engineering Physics/
Remainder of title for the students of B.E/B.Tech. of all technical universities of India
Statement of responsibility, etc. A. S. Vasudeva
260 ## - PUBLICATION, DISTRIBUTION, ETC.
Place of publication, distribution, etc. Ram Nagar, New Delhi
Name of publisher, distributor, etc. S. Chand & Company Ltd.
Date of publication, distribution, etc. 2010
300 ## - PHYSICAL DESCRIPTION
Extent 451p.
Other physical details ill.
Dimensions 24.5cm
942 ## - ADDED ENTRY ELEMENTS (KOHA)
Source of classification or shelving scheme Library of Congress Classification
Koha item type Books
Suppress in OPAC No
999 ## -
-- 1591
-- 1591
Holdings
Withdrawn status Lost status Source of classification or shelving scheme Damaged status Not for loan Collection Home library Current library Shelving location Date acquired Total checkouts Full call number Barcode Date last seen Copy number Price effective from Koha item type
    Library of Congress Classification     Non-fiction Science Library (Miotso) Science Library (Miotso) General stacks 11/27/2024   QC28 VAS SLM00000895 11/27/2024 1 11/27/2024 Books
    Library of Congress Classification     Non-fiction Science Library (Miotso) Science Library (Miotso) General stacks 11/27/2024   QC28 VAS SLM00000896 11/27/2024 2 11/27/2024 Books
    Library of Congress Classification     Non-fiction Science Library (Miotso) Science Library (Miotso) General stacks 11/27/2024   QC28 VAS SLM00000897 11/27/2024 3 11/27/2024 Books
    Library of Congress Classification     Non-fiction Science Library (Miotso) Science Library (Miotso) General stacks 11/27/2024   QC28 VAS SLM00000898 11/27/2024 4 11/27/2024 Books
© 2023-2024 Copyright: Central University Libraries. All Rights Reserved | Created by: Mahone Tech Office